Áp dụng chính sách lạm phát mục tiêu : Lý luận và thực tiễn (sách chuyên khảo)
Nội dung sách giới thiệu với bạn đọc về khuôn khổ chính sách tiền tệ lạm phát mục tiêu nhằm xem xét và đánh giá khả năng áp dụng khuôn khổ lạm phát mục tiêu ở Việt Nam.
Na minha lista:
| Autor principal: | |
|---|---|
| Formato: | Livro |
| Idioma: | Undetermined |
| Publicado em: |
Hà Nội
Khoa học Xã hội
2015
|
| Assuntos: | |
| Tags: |
Adicionar Tag
Sem tags, seja o primeiro a adicionar uma tag!
|
| Thư viện lưu trữ: | Trung tâm Học liệu Trường Đại học Cần Thơ |
|---|
| LEADER | 01037nam a2200217Ia 4500 | ||
|---|---|---|---|
| 001 | CTU_216094 | ||
| 008 | 210402s9999 xx 000 0 und d | ||
| 082 | |a 332.41 | ||
| 082 | |b D561 | ||
| 100 | |a Tô, Thị Ánh Dương | ||
| 245 | 0 | |a Áp dụng chính sách lạm phát mục tiêu : | |
| 245 | 0 | |b Lý luận và thực tiễn (sách chuyên khảo) | |
| 245 | 0 | |c Tô Thị Ánh Dương | |
| 260 | |a Hà Nội | ||
| 260 | |b Khoa học Xã hội | ||
| 260 | |c 2015 | ||
| 520 | |a Nội dung sách giới thiệu với bạn đọc về khuôn khổ chính sách tiền tệ lạm phát mục tiêu nhằm xem xét và đánh giá khả năng áp dụng khuôn khổ lạm phát mục tiêu ở Việt Nam. | ||
| 650 | |a Inflation (Finance),Lạm phát (tài chính),Inflation targeting,Lạm phát mục tiêu | ||
| 650 | |z Vietnam,Việt Nam | ||
| 904 | |i Qhieu - Tú Ngân, Linh, Sương | ||
| 980 | |a Trung tâm Học liệu Trường Đại học Cần Thơ | ||